[Event "Olympiad Women 2024"]
[Site "Budapest HUN"]
[Date "2024.09.16"]
[Round "6.23"]
[Board "2"]
[White "Abarca Gonzalez, Damaris"]
[Black "Karimi, Setayesh"]
[Result "0-1"]
[WhiteElo "1991"]
[BlackElo "2105"]
[PlyCount "108"]
[EventDate "2024.09.11"]
[WhiteTeam "Chile"]
[BlackTeam "Iran"]
[WhiteTeamCountry "CHI"]
[BlackTeamCountry "IRI"]

1. e4 c5 2. Nc3 Nc6 3. g3 g6 4. Bg2 Bg7 5. d3 d6 6. Be3 Rb8 7. Qd2 b5 8. Nge2 b4 9. Nd1 h5 10. h3 Nd4 11. Nc1 e6 12. c3 Nc6 13. O-O Nge7 14. Ne2 Ba6 15. f4 Qd7 $146 ({RR} 15... Qb6 16. c4 Nd4 17. Bf2 Nec6 18. Ne3 Nxe2+ 19. Qxe2 Nd4 20. Qd2 Bb7 21. Nc2 Nc6 22. Ne1 b3 23. a3 Qa5 24. Qe2 Nd4 25. Bxd4 Bxd4+ 26. Kh1 O-O 27. Nf3 Bg7 28. Rae1 Qd8 29. Qf2 a5 30. Re2 {½-½ Shahinyan,D (2452)-Harutyunian,T (2549) ARM-ch 1st League 81st 2021 (12)}) 16. Nf2 f5 17. Rfe1 Kf7 18. d4 bxc3 19. bxc3 Bxe2 20. Rxe2 cxd4 21. Bxd4 Nxd4 22. cxd4 d5 23. e5 Nc6 24. Qc3 Rb4 25. Rd1 Rc4 26. Qe3 Rb8 27. Red2 Qd8 28. Bf1 Ra4 29. h4 Qa5 30. Rc1 Ra3 31. Rd3 Rxd3 32. Qxd3 Qb6 33. Qa6 Nxd4 34. Qxb6 axb6 35. Rc7+ Kg8 36. Nh3 Ra8 37. Ng5 Rxa2 38. Rc8+ Bf8 39. Bb5 Nxb5 40. Nxe6 Kf7 41. Nxf8 Nd4 42. Nh7 Ne2+ 43. Kf1 Nxg3+ 44. Ke1 Ra1+ 45. Kd2 Ne4+ 46. Kc2 Rf1 47. Rc7+ Ke8 48. e6 d4 49. Rd7 Rf2+ 50. Kd1 Rxf4 51. Ke1 Rxh4 52. Rxd4 Rh1+ 53. Ke2 Ke7 54. Rb4 b5 0-1

[Event "Olympiad Women 2024"]
[Site "Budapest HUN"]
[Date "2024.09.16"]
[Round "6.23"]
[Board "3"]
[White "Behzad Nazif, Parva"]
[Black "Jorquera Cabello, Valentina"]
[Result "1-0"]
[WhiteElo "2092"]
[BlackElo "1919"]
[PlyCount "89"]
[EventDate "2024.09.11"]
[WhiteTeam "Iran"]
[BlackTeam "Chile"]
[WhiteTeamCountry "IRI"]
[BlackTeamCountry "CHI"]

1. d4 Nf6 2. Nf3 g6 3. g3 Bg7 4. Bg2 d6 5. O-O O-O 6. c4 c6 7. Nc3 Bf5 8. Ne1 Qc8 ({RR} 8... a5 9. h3 Na6 10. e4 Be6 11. d5 Bd7 12. Be3 cxd5 13. cxd5 b5 14. Nd3 Qb8 15. Rc1 Rc8 16. Ne2 Rxc1 17. Qxc1 Nb4 18. Qb1 Nxd3 19. Qxd3 Ne8 20. Nd4 Bxd4 21. Qxd4 Qd8 22. Rc1 Rc8 23. Rc3 {1-0 Karpov,A (2770)-Kamsky,G (2735) Amber-blindfold 05th rapid 1996 (1)}) ({RR} 8... a5 9. e4 Bc8 10. h3 Na6 11. Be3 Nd7 12. f4 c5 13. d5 Nb6 14. Qe2 a4 15. Rc1 e6 16. b3 axb3 17. axb3 exd5 18. cxd5 Nb4 19. Nd3 Nxd3 20. Qxd3 Ra3 21. Nb5 Ra5 22. Bd2 Ra2 23. Bc3 {0-1 Marcziter,D (2188)-Fiorito,J (2409) Titled Tue 12th Mar Late 2024 (1)}) 9. e4 Bg4 10. f3 Bh3 11. Nd3 $146 ({RR} 11. Be3 Bxg2 12. Kxg2 c5 13. d5 Nbd7 14. Qe2 Re8 15. Rd1 a6 16. a4 e6 17. dxe6 Rxe6 18. Nd3 Re8 19. Nf4 Bf8 20. Nfd5 Qd8 21. Bg5 h6 22. Bxf6 Nxf6 23. Nxf6+ Qxf6 24. Nd5 Qd8 25. Qd3 Bg7 {½-½ Kovalenko,I (2674)-Valdes Escobar,A (2349) Titled Tue 2nd May Early 2023 (6)}) 11... Bxg2 12. Kxg2 Na6 13. Be3 Nd7 14. Rc1 Nc7 15. d5 c5 16. f4 a6 17. b4 b6 18. bxc5 bxc5 19. e5 Rb8 20. Ne4 Ne8 21. h4 h6 22. h5 f5 23. Nd2 dxe5 24. fxe5 g5 25. e6 Ne5 26. Nxc5 Ng4 27. Bg1 Nef6 28. Rxf5 Rb2 29. Rc2 Rxc2 30. Qxc2 Qe8 31. Nde4 Qxh5 32. Qe2 Qg6 33. Nxf6+ Nxf6 34. Rf1 g4 35. Nd7 Rd8 36. Nxf6+ Bxf6 37. Rf4 h5 38. Qe4 Qg7 39. Qf5 Be5 40. Re4 Bf6 41. Qxh5 Qh7 42. Rxg4+ Kh8 43. Qxh7+ Kxh7 44. Bb6 Rd6 45. Bc7 1-0

[Event "Olympiad Women 2024"]
[Site "Budapest HUN"]
[Date "2024.09.16"]
[Round "6.23"]
[Board "4"]
[White "Morales Flores, Monserrat"]
[Black "Hamedi Nia, Vesal"]
[Result "0-1"]
[WhiteElo "1938"]
[BlackElo "1986"]
[PlyCount "78"]
[EventDate "2024.09.11"]
[WhiteTeam "Chile"]
[BlackTeam "Iran"]
[WhiteTeamCountry "CHI"]
[BlackTeamCountry "IRI"]

1. e4 {Gershon,Alik} e6 2. d4 d5 3. exd5 exd5 4. Nf3 Bd6 5. Bd3 Ne7 6. O-O Nbc6 7. c4 dxc4 8. Bxc4 O-O 9. Be3 $146 ({RR} 9. h3 h6 ({RR} 9... Bf5 10. Nc3 Qd7 11. Re1) 10. Nc3 Bf5 11. Be3 Ng6 12. Qd2 a6 13. d5 Nce5 14. Nxe5 Nxe5 15. Be2 Qh4 16. Qd4 Qxd4 17. Bxd4 Ng6 18. Bf3 Rfe8 19. Rfe1 Nf4 20. Rxe8+ Rxe8 21. Rd1 Nd3 22. b3 Nb4 23. Be3 Nc2 {0-1 Haddouche,M (2505)-Bauer,C (2630) Rabat Blitz Marathon 5th 2014 (3)}) ({RR} 9. h3 Be6 10. Bxe6 fxe6 11. Nc3 ({RR} 11. Qb3 Qc8 12. Re1 Nd5 13. Nc3 Rxf3 14. gxf3 Nxd4 15. Qd1 e5 16. Nxd5 Qxh3 17. Re3 e4 18. f4 Nf3+ 19. Rxf3 exf3 20. Qf1 Qg4+ 21. Kh2 Qh5+ 22. Qh3 Qxd5) 11... Qe8 12. Re1 Qg6 13. Re4 ({RR} 13. d5 exd5 14. Nxd5 Nxd5 15. Qxd5+ Kh8) 13... Rae8 14. Qe2 Nd5 15. Rg4 ({RR} 15. Ne5 Nxe5 16. dxe5 Bc5) 15... Qf5 16. Bh6 ({RR} 16. Be3 Nxe3 17. fxe3 e5 18. d5 ({RR} 18. e4 Qf7 19. d5 Nd4 20. Nxd4 exd4 21. Nb5 Be5) 18... e4 19. dxc6 exf3 20. Qxf3 Qxf3 21. gxf3 Rxf3 22. cxb7 Rxh3) 16... Rf7 17. Nh4 ({RR} 17. Ne4 Bf4) ({RR} 17. Nd1 e5 ({RR} 17... Bf4 18. Ne3 Qh5 19. Nxd5 Bxh6 20. Ne5) 18. Ne3 Nxd4 19. Nxd4 exd4 20. Nxf5 Rxe2 21. Rxg7+ ({RR} 21. Nxd6 cxd6 22. Rxd4 Rfxf2) 21... Rxg7 22. Bxg7 d3 23. Bd4 Be5 24. Rd1 Bxd4 25. Nxd4 Rxb2 26. Rxd3 Rxa2 27. Ne6 Re2 ({RR} 27... c6 28. Rf3 h6 29. Rf8+ Kh7 30. Rf7+ Kg6 31. Rxb7) 28. Rxd5 Rxe6) 17... Nxc3 ({RR} 17... Qf6 18. Bxg7 Rxg7 19. Nxd5) 18. bxc3 Qa5 19. Bd2 e5 20. Nf3 Ree7 21. d5 ({RR} 21. dxe5 Nxe5 ({RR} 21... Rxf3 22. Qxf3 Nxe5 23. Qxb7 Nxg4 24. Qc8+ Kf7 25. Qxg4) 22. Nxe5 Bxe5 23. Re4 Bf6) 21... Qxd5 22. c4 Qc5 23. Ng5 ({RR} 23. Rb1 b6 24. Rb5 Qa3) 23... Rf5 {0-1 Polgar,J (2645)-Kramnik,V (2740) Dos Hermanas 1997 (6)}) ({RR} 9. Nc3 h6 10. Re1 Bg4 11. d5 Bxf3 12. gxf3 Ne5 13. Bf1 N5g6 14. Qd3 c6 15. Rd1 cxd5 16. Nxd5 Nxd5 17. Qxd5 Be5 18. Qxd8 Rfxd8 19. Be3 b6 20. Rdb1 Rac8 21. a4 Rc2 22. a5 Rxb2 23. Rxb2 Bxb2 {½-½ Kosteniuk,A (2501)-Tabuenca Mendataurigoitia,D (2360) Titled Tue 7th May Early 2024 (7)}) ({RR} 9. h3 Nf5 10. d5 Ne5 11. Nxe5 Bxe5 12. Re1 Qf6 13. Nc3 Bxc3 14. bxc3 Qxc3 15. Qe2 Nd4 16. Qd2 Qxd2 17. Bxd2 Nc2 18. Bf4 Nxa1 19. Rxa1 c6 20. d6 Bd7 21. Be2 Rfe8 22. Bf3 Rac8 23. a3 b6 {0-1 Miljutin,O (2167)-Korniyuk,M (2009) Ilichevsk Sunny Pawn op 2008 (5)}) 9... Bg4 10. Bd3 Nf5 11. h3 Bxf3 12. Qxf3 Ncxd4 13. Bxd4 Nxd4 14. Qxb7 Rb8 15. Qe4 f5 16. Qd5+ Kh8 17. Kh1 Qf6 18. Nd2 Rxb2 19. Nb3 Ne6 20. Bc4 Nf4 21. Qf3 Ng6 22. Bd5 Qe5 23. g3 f4 24. Rae1 Qg5 25. g4 Qh4 26. Nd4 Ne5 27. Qg2 Nd3 28. Nf3 Nxf2+ 29. Rxf2 Qxf2 30. Qxf2 Rxf2 31. Ng5 h6 32. Nf7+ Kh7 33. g5 f3 34. Kg1 Rg2+ 35. Kf1 Bc5 36. g6+ Kxg6 37. Ne5+ Kh7 38. Be4+ g6 39. Nxf3 Rf2+ 0-1

[Event "Olympiad Women 2024"]
[Site "Budapest HUN"]
[Date "2024.09.16"]
[Round "6.24"]
[Board "1"]
[White "Narva, Mai"]
[Black "Lindiawati, Evi"]
[Result "1-0"]
[WhiteElo "2420"]
[BlackElo "1940"]
[PlyCount "97"]
[EventDate "2024.09.11"]
[WhiteTeam "Estonia"]
[BlackTeam "Indonesia"]
[WhiteTeamCountry "EST"]
[BlackTeamCountry "INA"]

1. e4 d5 2. exd5 Qxd5 3. Nc3 Qd6 4. d4 a6 5. Nf3 Nf6 6. g3 Bg4 7. Bg2 Nc6 8. d5 Ne5 9. O-O O-O-O 10. Bf4 Nxf3+ 11. Bxf3 Bxf3 12. Qxf3 e5 13. dxe6 Qxe6 14. Rfe1 ({RR} 14. Bg5 Bd6 15. Rae1 Be5 16. Na4 Rhe8 17. Nc5 Qd5 18. Qxd5 Rxd5 19. Bxf6 gxf6 20. Nd3 Re6 21. Re4 Bd6 22. Rfe1 Kd7 23. Kf1 h5 24. Rh4 b5 25. a4 c5 26. axb5 axb5 27. b3 Rxe1+ 28. Kxe1 Be5 {1-0 Hracek,Z (2629)-Tomczak,J (2541) POL-chT Wroclaw 2011 (4.1)}) 14... Qf5 15. Re5 Qh3 16. Re2 Qh5 $146 ({RR} 16... Ng4 17. Qg2 Qxg2+ 18. Kxg2 Bd6 19. Bxd6 Rxd6 20. h3 Nf6 21. Rae1 Rhd8 22. Ne4 Nxe4 {½-½ Wolke,R (1887)-Reinert,S (2094) Arco op 37th 2015 (3)}) ({RR} 16... Bb4 17. Bg5 Rd6 18. Ne4 Re6 19. Nxf6 gxf6 20. Rxe6 Qxe6 21. Qxf6 Re8 22. Rd1 Bd6 23. Qxe6+ fxe6 24. b3 b5 25. Rd4 Rf8 26. Be3 h5 27. Kg2 Rf5 28. a4 Kd7 29. Re4 Ke7 30. f3 Bc5 31. g4 {1-0 Guerrero Rodriguez,A (2057)-Olejarczyk,B (2132) Warsaw-ch opA 65th 2012 (5)}) 17. Qxh5 Nxh5 18. Bg5 f6 19. Bd2 Bd6 20. Ne4 f5 21. Ng5 h6 22. Nf7 Rde8 23. Rae1 Rxe2 24. Rxe2 Rf8 25. Nxd6+ cxd6 26. Re7 g5 27. Bb4 Rf6 28. Bc3 Rg6 29. Rf7 Re6 30. Rxf5 Kd7 31. Kg2 Ke7 32. Kf3 Rg6 33. Kg4 Ng7 34. Bxg7 Rxg7 35. Kh5 Ke6 36. g4 Rc7 37. c3 Rc4 38. h3 b5 39. Kxh6 b4 40. Kxg5 bxc3 41. bxc3 Rxc3 42. h4 d5 43. h5 d4 44. h6 Rh3 45. Rf8 Ke7 46. Rf4 d3 47. Kg6 Rh4 48. Rd4 d2 49. f3 1-0

[Event "Olympiad Women 2024"]
[Site "Budapest HUN"]
[Date "2024.09.16"]
[Round "6.24"]
[Board "2"]
[White "Nugroho, Angel Ruth"]
[Black "Olde, Margareth"]
[Result "1/2-1/2"]
[WhiteElo "1939"]
[BlackElo "2135"]
[PlyCount "187"]
[EventDate "2024.09.11"]
[WhiteTeam "Indonesia"]
[BlackTeam "Estonia"]
[WhiteTeamCountry "INA"]
[BlackTeamCountry "EST"]

1. d4 Nf6 2. Bf4 d5 3. Nf3 c5 4. e3 Nc6 5. c3 Qb6 6. Qc2 Nh5 7. Be5 f6 8. Bg3 g6 ({RR} 8... Nxg3 9. hxg3 e5 10. dxe5 fxe5 11. e4 dxe4 12. Ng5 Bf5 13. Bc4 Bg6 14. Nd2 e3 15. Nde4 exf2+ 16. Kxf2 O-O-O 17. Bf7 Bxe4 18. Nxe4 c4+ 19. Kf3 Rd3+ 20. Kg4 Nd8 21. Qa4 Nxf7 22. Qxc4+ Qc6 23. Qxd3 {0-1 Tristan,L (2515)-Weishaeutel,M (2387) Titled Tue 16th Jan Early 2024 (8)}) 9. Nbd2 Bf5 10. dxc5 Qxc5 11. Nb3 $146 ({RR} 11. Bd3 Bxd3 12. Qxd3 e5 13. e4 O-O-O 14. Nb3 Qc4 15. Qxc4 dxc4 16. Nbd2 b5 17. a4 a6 18. Ke2 Kc7 19. axb5 axb5 20. b3 cxb3 21. Rhb1 b4 22. Rxb3 Bh6 23. Nc4 Ra8 24. Rxa8 Rxa8 25. cxb4 Ra2+ {½-½ Bluebaum,M (2651)-Aditya,M (2486) 3rd elllobregat Open 2022 (4.4)}) 11... Qxe3+ 12. fxe3 Bxc2 13. Bf2 e5 14. Rc1 Bf5 15. h3 Ng7 16. c4 Bb4+ 17. Nfd2 dxc4 18. Bxc4 Be6 19. Ke2 O-O 20. a3 Be7 21. Rhd1 Rfd8 22. Bb5 Rac8 23. Nc5 Bxc5 24. Rxc5 Ne7 25. Rdc1 Rxc5 26. Rxc5 a6 27. Bd3 Rd7 28. b4 Ne8 29. b5 Nc7 30. bxa6 Nxa6 31. Ra5 Nc6 32. Rb5 Kf7 33. Be4 Nd8 34. Bd3 Nc7 35. Rc5 Nd5 36. Bb5 Rc7 37. Rxc7+ Nxc7 38. Ba4 Nd5 39. Bc2 Nc6 40. Ne4 Ke7 41. Nc5 Bc8 42. Bb3 Nc3+ 43. Kd3 Nb5 44. a4 Nd6 45. Kc3 Na5 46. Bd5 b6 47. Ne4 Nxe4+ 48. Bxe4 Kd6 49. Kb4 Bb7 50. Bf3 Ba6 51. h4 Bd3 52. e4 Kc7 53. Kc3 Bf1 54. g3 Nb7 55. Kb4 Nd6 56. Kc3 Kc6 57. Kd2 Nb7 58. Bd1 Bg2 59. Bc2 Nd6 60. Ke3 Nc4+ 61. Kd3 Bf1+ 62. Kc3 Nd6 63. Kd2 Bh3 64. Ke3 Bg4 65. Bb3 f5 66. Bd5+ Kc7 67. Be1 fxe4 68. Bxe4 Nc4+ 69. Kf2 Bd7 70. Bc2 Kd6 71. Bb4+ Kd5 72. Kf3 Kd4 73. Be4 Bxa4 74. Bb1 Bd1+ 75. Kf2 e4 76. Be7 b5 77. Bf6+ Kd5 78. Bc3 e3+ 79. Ke1 Bf3 80. Bc2 Kc5 81. Bd3 Nd6 82. Be5 b4 83. Bf4 Nf5 84. Bxf5 gxf5 85. Bxe3+ Kc4 86. Kd2 b3 87. Kc1 Kc3 88. Bd2+ Kd3 89. Bf4 Bd5 90. Kb2 Ke4 91. Kc3 Kf3 92. Kb2 Ke2 93. Be5 Kd3 94. Bf4 1/2-1/2

[Event "Olympiad Women 2024"]
[Site "Budapest HUN"]
[Date "2024.09.16"]
[Round "6.24"]
[Board "3"]
[White "Blokhin, Sofia"]
[Black "Yuliana, Evi"]
[Result "1/2-1/2"]
[WhiteElo "2036"]
[BlackElo "1912"]
[PlyCount "80"]
[EventDate "2024.09.11"]
[WhiteTeam "Estonia"]
[BlackTeam "Indonesia"]
[WhiteTeamCountry "EST"]
[BlackTeamCountry "INA"]

1. e4 d5 2. exd5 Qxd5 3. Nc3 Qa5 4. d4 c6 5. Nf3 Bf5 6. Bc4 e6 7. O-O Nf6 8. Re1 Bb4 9. Bd2 O-O 10. h3 Nbd7 11. Nh4 Bg6 12. Nxg6 hxg6 13. a3 Bxc3 14. Bxc3 Qc7 15. Qf3 Rfd8 $146 ({RR} 15... a5 16. g4 b5 17. Bd3 Qb6 18. b3 Rfc8 19. h4 Nd5 20. Bb2 Qd8 21. c4 bxc4 22. bxc4 Ne7 23. h5 Rab8 24. hxg6 Nxg6 25. Bxg6 fxg6 26. Rab1 Nf8 27. Bc3 Rxb1 28. Rxb1 Qc7 29. a4 Rd8 30. Kg2 {½-½ Cemborain Oricain,A (2023)-Fernandez Lozano,F (2102) Pamplona op 19th 2009 (2)}) 16. Rad1 Nb6 17. Bb3 Nbd5 18. Bd2 b5 19. Bg5 Rac8 20. c3 Re8 21. Bh4 Qf4 22. Qxf4 Nxf4 23. Bg3 N4d5 24. a4 a6 25. axb5 cxb5 26. Ra1 Rc6 27. Ra5 Ra8 28. Rea1 Rb6 29. Bc2 Rc8 30. Bd3 Rcc6 31. Kf1 g5 32. h4 gxh4 33. Bxh4 Nf4 34. Be2 Nxe2 35. Kxe2 Nd5 36. Rc1 Rc4 37. Bg3 Rbc6 38. Kd3 Nb4+ 39. Kd2 Nd5 40. Kd3 Nb4+ 1/2-1/2

[Event "Olympiad Women 2024"]
[Site "Budapest HUN"]
[Date "2024.09.16"]
[Round "6.24"]
[Board "4"]
[White "Adeline, Clementia"]
[Black "Olde, Grete"]
[Result "1/2-1/2"]
[WhiteElo "1550"]
[BlackElo "1952"]
[PlyCount "75"]
[EventDate "2024.09.11"]
[WhiteTeam "Indonesia"]
[BlackTeam "Estonia"]
[WhiteTeamCountry "INA"]
[BlackTeamCountry "EST"]

1. d4 d5 2. c4 e6 3. Nc3 Nf6 4. cxd5 exd5 5. Bg5 Be7 6. e3 O-O 7. Bd3 Re8 8. Nge2 c6 9. Qc2 Nbd7 10. O-O h6 11. Bh4 Ne4 12. Bxe7 Qxe7 13. Bxe4 dxe4 14. Ng3 Nf6 15. Rae1 h5 16. f3 exf3 17. Rxf3 Bg4 18. Rff1 c5 $146 ({RR} 18... Rad8 19. Qf2 Be6 20. Qf4 Nd5 21. Nxd5 Rxd5 22. e4 Rxd4 23. Qe5 Rc4 24. Qxh5 Qc5+ 25. Qxc5 Rxc5 26. b3 Ra5 27. Rf2 Rd8 28. h4 Rc5 29. Kh2 Rc3 30. h5 Rcd3 31. e5 Rd2 32. Ree2 Rxe2 33. Rxe2 {1-0 Kashlinskaya,A (2447)-Nasyrova,E (2049) RUS-ch rapid (Women) 2018 (1.6)}) ({RR} 18... Rad8 19. a3 c5 20. dxc5 Qxc5 21. Qf2 Re7 22. h3 Bd7 23. Nf5 Bxf5 24. Qxf5 Qxf5 25. Rxf5 Rd2 26. Rf2 Rxf2 27. Kxf2 Ne4+ 28. Nxe4 Rxe4 29. Rc1 Re7 30. Kf3 f5 31. h4 Kf7 32. Rc8 g6 33. Rd8 {1-0 Golikov,D (1995)-Bregman,I (1695) RUS-chT U18 St Petersburg 2015 (8.50)}) 19. d5 b5 20. e4 b4 21. Nd1 Qe5 22. Nf2 h4 23. Ne2 Bxe2 24. Rxe2 Nxd5 25. Kh1 Nf4 26. Ng4 Qg5 27. Ref2 Nh5 28. Qe2 Qg6 29. e5 Re7 30. Rf5 Rae8 31. Rxh5 c4 32. Rff5 c3 33. Rhg5 Qc6 34. Nf6+ Kf8 35. Nh7+ Kg8 36. Nf6+ Kf8 37. Nh7+ Kg8 38. Nf6+ 1/2-1/2

[Event "Olympiad Women 2024"]
[Site "Budapest HUN"]
[Date "2024.09.16"]
[Round "6.25"]
[Board "1"]
[White "Cvitan, Ena"]
[Black "Tan, Li Ting"]
[Result "0-1"]
[WhiteElo "2259"]
[BlackElo "2037"]
[PlyCount "80"]
[EventDate "2024.09.11"]
[WhiteTeam "Croatia"]
[BlackTeam "Malaysia"]
[WhiteTeamCountry "CRO"]
[BlackTeamCountry "MAS"]

1. d4 Nf6 2. c4 e6 3. Nc3 Bb4 4. e3 O-O 5. Nge2 d5 6. a3 Be7 7. cxd5 exd5 8. Nf4 c6 9. Bd3 Re8 10. O-O Nbd7 11. f3 Nf8 12. Bd2 Ng6 ({RR} 12... Ne6 13. Nxe6 Bxe6 14. Qe1 c5 15. Qf2 cxd4 16. exd4 Nd7 17. Ne2 Nb6 18. Nf4 Qd7 19. Nxe6 Qxe6 20. Rfe1 Qd7 21. Bf4 Nc4 22. b3 Na5 23. Bc2 g6 24. h4 Nc6 25. b4 Bf6 26. Rxe8+ Rxe8 27. Rd1 {½-½ Caruana,F (2804)-So,W (2757) American Cup Elim 2024 (3.1)}) ({RR} 12... Bd6 13. Kh1 Ng6 14. Nxg6 hxg6 15. e4 dxe4 16. fxe4 Bc7 17. Be3 Ng4 18. Qf3 Nxe3 19. Qxe3 Be6 20. e5 Bb6 21. Ne2 Qd5 22. Rac1 Rad8 23. Rf4 Qb3 24. Qd2 c5 25. Rf3 cxd4 26. Nf4 Qa4 27. Nxe6 {1-0 Deuer,M (2435)-Paszewski,M (2349) III Janos Rigo Mem GM 2024 (7.3)}) 13. Nfe2 c5 14. Be1 $146 ({RR} 14. Rc1 b6 15. Be1 Bb7 16. Bf2 a6 17. g4 Bd6 18. Qd2 h6 19. Bg3 Rc8 20. Rce1 Rc7 21. Bxg6 fxg6 22. Nf4 Bxf4 23. Bxf4 Rce7 24. Be5 g5 25. h3 Rxe5 26. dxe5 Rxe5 27. Ne2 a5 28. Ng3 a4 {½-½ Radovanovic,N (2411)-Cvitan,O (2502) EU-Cup 32nd Novi Sad 2016 (3.2)}) ({RR} 14. Rc1 b6 15. Be1 Bf8 16. Bf2 Bb7 17. Qd2 Qd7 18. g4 cxd4 19. exd4 a6 20. Bf5 Qd8 21. h4 Bd6 22. h5 Nf8 23. Nf4 h6 24. Bh4 Qb8 25. Nd3 N8h7 26. Rfe1 Rxe1+ 27. Rxe1 Qc7 28. Kg2 Rf8 {1-0 Gupta,A (2613)-Almasi,Z (2684) Gibraltar Masters 14th 2016 (5)}) 14... a6 15. Bf2 cxd4 16. Nxd4 Ne5 17. Rc1 Bc5 18. Bh4 Be7 19. Re1 Be6 20. Bb1 Rc8 21. Qb3 b5 22. Rcd1 Nc4 23. Kh1 Qb6 24. Qc2 g6 25. e4 Nxe4 26. fxe4 Bxh4 27. exd5 Bxe1 28. dxe6 Bxc3 29. exf7+ Kxf7 30. bxc3 Ne3 31. Qb3+ Kg7 32. Re1 Qb7 33. Re2 Qd5 34. Qb2 Nc4 35. Qa2 Re5 36. Bd3 Rce8 37. a4 Rxe2 38. Bxe2 Ne3 39. Qxd5 Nxd5 40. axb5 Nxc3 0-1

[Event "Olympiad Women 2024"]
[Site "Budapest HUN"]
[Date "2024.09.16"]
[Round "6.25"]
[Board "2"]
[White "Azhar, Puteri Munajjah Az-Zahraa"]
[Black "Berke, Ana"]
[Result "1-0"]
[WhiteElo "2014"]
[BlackElo "2093"]
[PlyCount "89"]
[EventDate "2024.09.11"]
[WhiteTeam "Malaysia"]
[BlackTeam "Croatia"]
[WhiteTeamCountry "MAS"]
[BlackTeamCountry "CRO"]

1. Nf3 c5 2. g3 Nc6 3. Bg2 e5 4. d3 g6 5. O-O Nge7 6. e4 Bg7 7. Be3 d6 8. a4 ({RR} 8. Qd2 O-O 9. Bh6 Bxh6 10. Qxh6 f6 11. Qd2 Be6 12. Nc3 Kg7 13. Rae1 Qb6 14. Rb1 Rad8 15. a3 {½-½ Velimirovic,D (2500)-Ribli,Z (2615) Sarajevo 1985 (10)}) ({RR} 8. Qd2 O-O 9. Bh6 Nd4 10. Bxg7 Kxg7 11. c3 Nxf3+ 12. Bxf3 Bh3 13. Re1 Nc6 14. Na3 f5 15. exf5 Bxf5 16. Bg2 Qf6 17. Nc2 Rad8 18. Ne3 Be6 19. Qe2 Rd7 20. Rf1 Rdf7 21. Nd5 Qd8 22. a3 Qd7 {½-½ Richterova,N (2188)-Berke,A (2169) Mitropa Cup (Women) 2017 (5.2)}) 8... O-O 9. Nc3 $146 ({RR} 9. h4 h6 10. Nbd2 Be6 11. Nc4 f5 12. Re1 fxe4 13. Nfd2 d5 14. Bxc5 dxc4 15. dxc4 Nd4 16. Nxe4 Bxc4 17. c3 Ndc6 18. Nd6 Be6 19. b4 Qc7 20. Nb5 Qd8 21. Qe2 a6 22. Rad1 Qc8 23. Nd6 Qc7 {0-1 Krienke,M (2128)-Patrascu,C (2286) Titled Tuesday intern op 17th April blitz 2018 (4)}) ({RR} 9. h3 f5 10. c3 f4 11. Bc1 h6 12. gxf4 exf4 13. d4 cxd4 14. cxd4 g5 15. Nc3 g4 16. hxg4 Bxg4 17. e5 dxe5 18. Qb3+ Kh8 19. dxe5 Qe8 20. Nb5 Qg6 21. Ra3 Nxe5 22. Nxe5 Bxe5 23. Re1 Nc6 {0-1 Scheglov,M (1876)-Skrobat,D (1423) St Petersburg Korchnoi Memorial op 2019 (3)}) 9... Nd4 10. Nd5 h6 11. Nxe7+ Qxe7 12. c3 Nxf3+ 13. Bxf3 f5 14. exf5 Bxf5 15. Bd5+ Kh7 16. a5 Rae8 17. Ra4 Bf6 18. Qd2 g5 19. b4 Bd7 20. Ra3 Bc6 21. Be4+ Kg7 22. c4 cxb4 23. Qxb4 a6 24. Rb3 Rf7 25. Bxc6 bxc6 26. Qb6 Qd7 27. Qxa6 h5 28. Rfb1 Be7 29. Qb7 Qg4 30. Qxc6 Ref8 31. R3b2 h4 32. Qg2 Rf3 33. gxh4 Qf5 34. Rb7 Rf7 35. Bxg5 Kh7 36. Rxe7 Rxe7 37. Bxe7 Qxd3 38. Rb7 Qd1+ 39. Qf1 Qd4 40. Bg5+ Kg6 41. Be3 Rxe3 42. fxe3 Qxe3+ 43. Kg2 Qe4+ 44. Qf3 Qxc4 45. Qf7+ 1-0

[Event "Olympiad Women 2024"]
[Site "Budapest HUN"]
[Date "2024.09.16"]
[Round "6.25"]
[Board "3"]
[White "Ivekovic, Tihana"]
[Black "Azhar, Puteri Rifqah Fahada"]
[Result "1/2-1/2"]
[WhiteElo "2143"]
[BlackElo "1947"]
[PlyCount "93"]
[EventDate "2024.09.11"]
[WhiteTeam "Croatia"]
[BlackTeam "Malaysia"]
[WhiteTeamCountry "CRO"]
[BlackTeamCountry "MAS"]

1. d4 d5 2. c4 c6 3. Nf3 Nf6 4. g3 e6 5. Bg2 Nbd7 6. O-O Bd6 7. Nc3 O-O 8. Nd2 Re8 9. e4 dxe4 10. Ndxe4 Nxe4 11. Nxe4 Be7 12. Qc2 ({RR} 12. Be3 Nf6 13. Nc3 Bd7 14. Qe2 Qa5 15. a3 Rad8 16. b4 Qf5 17. h3 h5 18. Bf4 Bc8 19. Be5 Bd6 20. Rad1 Re7 21. Ne4 Nxe4 22. Bxe4 Qg5 23. h4 Qh6 24. Bf3 Red7 25. Bxh5 f6 26. Bxd6 Rxd6 {0-1 Smirnov,P (2544)-Pridorozhni,A (2580) Titled Tuesday intern op 30th Mar blitz 2021 (8)}) 12... Nf6 ({RR} 12... b6 13. Rd1 Bb7 14. Bf4 Nf6 15. Rac1 Qd7 16. c5 Nd5 17. Bd6 Bd8 18. a3 f5 19. Nd2 b5 20. Nf3 Bf6 21. Re1 a5 22. Ne5 Bxe5 23. Rxe5 g6 24. Rce1 b4 25. Qa4 Nb6 26. Qb3 Kf7 27. g4 {1-0 Zhang,J (1621)-Li,Y Chinese Youth U12 2024 (5.23)}) 13. Rd1 Qb6 14. Be3 Qc7 $146 ({RR} 14... Nxe4 15. Bxe4 h6 16. d5 c5 17. b4 Qc7 18. bxc5 Bxc5 19. Bxc5 Qxc5 20. d6 Rd8 21. Qd3 Rb8 22. Rab1 a6 23. Qd4 Qxd4 24. Rxd4 e5 25. Rd2 Be6 26. c5 Kf8 27. Bxb7 {1-0 Crockart,S (2147)-Shakespeare,J (1919) Sunningdale e2e4 op 2013 (5)}) 15. Bf4 Qa5 16. a3 Nxe4 17. Bxe4 Qh5 18. Bc7 Bd8 19. Bxd8 Rxd8 20. Qb3 Rd6 21. Bf3 Qa5 22. Qe3 Qd8 23. Rac1 h6 24. b4 a6 25. a4 Qf6 26. a5 Rd8 27. d5 Bd7 28. dxc6 Bxc6 29. Bxc6 bxc6 30. Qb6 Rdc8 31. Rd7 Qb2 32. Rcd1 Qc3 33. c5 Qc4 34. Rb7 Qc2 35. Rdd7 Qb1+ 36. Kg2 Qe4+ 37. Kf1 Qb1+ 38. Ke2 Qc2+ 39. Kf3 Qf5+ 40. Ke3 Qe5+ 41. Kf3 Qf5+ 42. Ke2 Qc2+ 43. Ke1 Qb1+ 44. Kd2 Qb2+ 45. Ke3 Qe5+ 46. Kd3 Qf5+ 47. Ke3 1/2-1/2

[Event "Olympiad Women 2024"]
[Site "Budapest HUN"]
[Date "2024.09.16"]
[Round "6.25"]
[Board "4"]
[White "Nithyalakshmi, Sivanesan"]
[Black "Vujnovic, Patricija"]
[Result "1/2-1/2"]
[WhiteElo "1912"]
[BlackElo "2134"]
[PlyCount "84"]
[EventDate "2024.09.11"]
[WhiteTeam "Malaysia"]
[BlackTeam "Croatia"]
[WhiteTeamCountry "MAS"]
[BlackTeamCountry "CRO"]

1. e4 c6 2. d4 d5 3. Nc3 dxe4 4. Nxe4 Bf5 5. Nc5 e5 6. Nb3 ({RR} 6. Nxb7 Qb6 7. Nc5 Bxc5 8. dxc5 Qxc5 9. c3 Nf6 10. Nf3 O-O 11. Be2 Nbd7 12. O-O Rfd8 13. Qa4 Nb6 14. Qh4 Nbd5 15. Qg5 Ne7 16. Qe3 Qxe3 17. Bxe3 Ng6 18. Rfd1 Nd5 19. Bc5 Rdb8 20. Rd2 f6 {0-1 Svidler,P (2734)-Nielsen,P (2700) Copenhagen KO blitz 2010 (1.2)}) 6... exd4 ({RR} 6... e4 7. Ne2 Nf6 8. Ng3 Bg6 9. h4 h5 10. Bg5 Bd6 11. Qd2 a5 12. a4 Nbd7 13. Be2 Qc7 14. Nf1 Nd5 15. Ne3 f6 16. Nxd5 cxd5 17. Be3 f5 18. Nc5 Nf8 19. Bb5+ Kf7 20. c4 f4 21. O-O {0-1 Pitra,A (2276)-Doluweera,M (2129) Asian Hybrid 2021 (8)}) 7. Nxd4 Bg6 8. c3 $146 ({RR} 8. Ngf3 Bd6 9. Bc4 Ne7 10. Qe2 O-O 11. Bg5 Qa5+ 12. Bd2 Qc7 13. h4 b5 14. h5 bxc4 15. hxg6 Nxg6 16. O-O-O Nd7 17. Qxc4 Nb6 18. Qxc6 Qb8 19. Nf5 Be5 20. Qb5 Bf6 21. Bg5 Bxg5+ 22. Nxg5 Qf4+ {1-0 Dzhumaev,M (2492)-Navalgund,N (2161) Mumbai Mayors Cup 4th 2011 (2)}) ({RR} 8. Ngf3 Nd7 9. Bd3 Qc7 10. Qe2+ Be7 11. O-O O-O-O 12. Nf5 Nc5 13. Nxe7+ Nxe7 14. Bxg6 hxg6 15. g3 Nd5 16. Qc4 Ne6 17. b4 Rh5 18. Re1 Qd6 19. a3 Rdh8 20. Bb2 b5 21. Qb3 Ng5 22. Nxg5 Rxg5 {1-0 Svidinsky,D (2172)-Zhukov,D (1945) Chigorin Memorial 18th 2010 (8)}) 8... Nf6 9. Ngf3 Bc5 10. Bc4 O-O 11. O-O Nbd7 12. Bf4 Ne4 13. Bd3 Qf6 14. Be3 Bb6 15. Bc2 Ndc5 16. Nd2 Rfe8 17. N2f3 Rad8 18. Qb1 h6 19. a4 Bc7 20. Rd1 Bh5 21. Qa2 Ng5 22. Bxg5 hxg5 23. h3 g4 24. hxg4 Bxg4 25. Re1 g6 26. Rxe8+ Rxe8 27. Qc4 Ne6 28. Nxe6 Bxe6 29. Qd4 Qxd4 30. Nxd4 Bd5 31. Bd3 c5 32. Nb5 Bb8 33. a5 a6 34. Na3 Rd8 35. Be2 Bb3 36. Nc4 Bc7 37. g3 Kg7 38. Ra3 Bc2 39. Bf3 Bd3 40. Ne3 Re8 41. Kg2 g5 42. Rb3 Bxa5 1/2-1/2